All 50 USA States by Outline - Statistics

General Stats
  • This quiz has been taken 4,514 times
  • The average score is 37 of 50
Answer Stats
Picture Answer % Correct
Alaska
99%
California
98%
Florida
98%
Hawaii
98%
Texas
98%
Michigan
83%
Washington
83%
Colorado
82%
Massachusetts
82%
Virginia
82%
Tennessee
80%
Nevada
79%
New York
79%
Louisiana
78%
Ohio
78%
Illinois
77%
New Jersey
77%
Oklahoma
77%
Utah
77%
Maryland
76%
Georgia
75%
Idaho
75%
Kentucky
75%
North Carolina
72%
Arizona
71%
Wyoming
71%
Alabama
70%
Maine
70%
Vermont
70%
Indiana
69%
Minnesota
69%
Montana
69%
Wisconsin
69%
New Hampshire
68%
Pennsylvania
68%
South Carolina
68%
West Virginia
68%
New Mexico
67%
Oregon
67%
Rhode Island
66%
Delaware
65%
Mississippi
65%
Nebraska
64%
Iowa
63%
Missouri
63%
North Dakota
63%
South Dakota
63%
Kansas
61%
Arkansas
60%
Connecticut
59%
No matching quizzes found
Score Distribution
Percent of People with Each Score
Percentile by Number Answered
Your Score History
You have not taken this quiz